[Event "CRI-ch"]
[Site "San Jose"]
[Date "2011.10.19"]
[Round "2"]
[White "Needham, Bryan"]
[Black "Valdes Romero, Leonardo"]
[Result "0-1"]
[WhiteElo "2031"]
[BlackElo "2387"]
[PlyCount "56"]
[EventDate "2011.10.18"]
[EventType "tourn"]
[EventRounds "11"]
[EventCountry "CRI"]
[SourceTitle "EXT 2012"]
[Source "ChessBase"]
[SourceDate "2011.11.24"]
[SourceVersion "1"]
[SourceVersionDate "2011.11.24"]
[SourceQuality "1"]

1. d4 d6 2. e4 Nf6 3. Bd3 e5 4. c3 d5 5. dxe5 Nxe4 6. Bxe4 dxe4 7. Qa4+ Bd7 8. Qxe4 Bc6 9. Qg4 h5 10. Qh3 Qd7 11. f3 Be7 12. Qg3 Na6 13. Nh3 h4 14. Qf4 Nc5 15. Nf2 h3 16. 0-0 Ne6 17. Qd2 hxg2 18. Kxg2 Qc8 19. Qd3 Nc5 20. Qe2 Qf5 21. h3 0-0-0 22. Ng4 Rh5 23. Be3 Rdh8 24. Rh1 Nd3 25. Nd2 Nxe5 26. Nxe5 Qxe5 27. Rh2 Bd6 28. Rah1 Qf5 0-1

[Event "CRI-ch"]
[Site "San Jose"]
[Date "2011.10.18"]
[Round "1"]
[White "Duran Vega, Sergio"]
[Black "Needham, Bryan"]
[Result "1-0"]
[WhiteElo "2211"]
[BlackElo "2031"]
[PlyCount "37"]
[EventDate "2011.10.18"]
[EventType "tourn"]
[EventRounds "11"]
[EventCountry "CRI"]
[SourceTitle "EXT 2012"]
[Source "ChessBase"]
[SourceDate "2011.11.24"]
[SourceVersion "1"]
[SourceVersionDate "2011.11.24"]
[SourceQuality "1"]

1. e4 e5 2. Nf3 Nf6 3. d4 Nxe4 4. Bd3 d5 5. dxe5 Be7 6. 0-0 Nc6 7. Nc3 Nxc3 8. bxc3 Bg4 9. Re1 0-0 10. Rb1 Rb8 11. h3 Bh5 12. Rb5 d4 13. e6 Bxf3 14. Qxf3 g6 15. exf7+ Kg7 16. Rh5 gxh5 17. Qxh5 Rh8 18. Bh6+ Kf6 19. Qf5# 1-0

[Event "CRI-ch Phase1 72nd"]
[Site "Moravia"]
[Date "2008.05.22"]
[Round "6"]
[White "Peraza Alvarez, Rafael Eduardo"]
[Black "Needham, Bryan"]
[Result "1-0"]
[WhiteElo "2024"]
[BlackElo "2047"]
[PlyCount "115"]
[EventDate "2008.05.17"]
[EventType "swiss"]
[EventRounds "9"]
[EventCountry "CRI"]
[SourceTitle "EXT 2009"]
[Source "ChessBase"]
[SourceDate "2008.11.26"]
[SourceVersion "1"]
[SourceVersionDate "2008.11.26"]
[SourceQuality "1"]

1. e4 e5 2. Nf3 Nc6 3. Bb5 a6 4. Ba4 Nf6 5. 0-0 Be7 6. Re1 b5 7. Bb3 0-0 8. a4 Bb7 9. c3 d6 10. d3 Na5 11. Bc2 c5 12. Nbd2 Re8 13. Nf1 Bf8 14. Qe2 Nc6 15. Bg5 h6 16. Bh4 b4 17. Ne3 Bc8 18. Bb3 Be6 19. Bd5 Rc8 20. Rec1 a5 21. Nd2 Be7 22. Bg3 Bf8 23. Qd1 Bxd5 24. exd5 Ne7 25. c4 Ng6 26. Qf3 Qd7 27. h4 h5 28. Re1 Ne7 29. Nb3 Ng4 30. Nxg4 hxg4 31. Qd1 f5 32. f4 Ng6 33. fxe5 dxe5 34. h5 f4 35. hxg6 Qf5 36. Rf1 Bd6 37. Nd2 Qh5 38. Ne4 Rf8 39. Bh2 Bb8 40. g3 Qxg6 41. Qd2 Qh6 42. b3 g5 43. Rf2 Rf5 44. Qe2 Qh3 45. Re1 Rcf8 46. Qf1 Qh5 47. Qg2 Kg7 48. Rc1 Qg6 49. Kf1 f3 50. Qg1 Rf4 51. gxf4 gxf4 52. Rcc2 Rh8 53. Ke1 Bc7 54. Nxc5 Bb6 55. Ne6+ Kf7 56. c5 Qxd3 57. Qxg4 Qe3+ 58. Kd1 1-0